Krásna zažije stavebný boom výstavba má priaznivý dopad na rozvoj mestskej časti

Bibliographic Details
Main Author: Némethová, Renáta (Author)
Format: Article
Language:Slovak
PhysicalDescription:Fotogr.
ISSN:1335-4566
Subjects:
Online Access:www.korzar.sk

MARC

LEADER 00000nab a2200000 a 4500
001 vtls008999649
003 SK-MaSNL
005 20260303064834.0
008 070618c20070616xo drz 0 0slo
038 |a KEVKJB 
040 |a KEVKJB  |b slo  |c KEVKJB  |e AACR2 
041 0 |a slo 
044 |a xo  |c SK 
080 |a 352  |2 2001 
100 1 |a Némethová, Renáta  |4 aut  |9 826895 
245 1 0 |a Krásna zažije stavebný boom  |b výstavba má priaznivý dopad na rozvoj mestskej časti  |c Renáta Némethová 
300 |b Fotogr. 
650 0 7 |a stavebné pozemky  |x výstavba  |2 kevkjb  |9 1064077 
651 7 |a Košice (Slovensko)  |2 kevkjb  |9 18694 
651 7 |a Krásna nad Hornádom (Krásna, Košice IV, Slovensko)  |2 kevkjb  |9 79319 
773 0 |t Košický denník Korzár  |g Roč. X, č. 138 (16.6.2007), s. 2  |x 1335-4566 
852 |a KEVKJB  |b KIS3GCP 
856 4 1 |u www.korzar.sk 
999 |c 1748739  |d 1750669